1661 1479 1981 1082 1275 1358 1229 1470 1138 1841 1445 1111 1299 1759 1383 1431 1845 1617 1480 1254 1355 1113 1711 1692 1275 1462 1729 1174 1807 1433 1366 1233 1774 1035 1549 1009 1901 1489 1707 1461 1713 1703 1497 1469 1811 1493 1766 1386 1577 1795 1710 1029 1928 1222 1699 1617 1608 1854 1197 1408 1225 1183 1628 1532 1991 1330 1131 1310 1879 1693 1217 1991 1630 1929 1167 1835 1237 1383 1587 1069 1241 1276 1759 1431 1120 1215 1433 1162 1049 1890 1428 1608 1742 1530 1906 1906 1999 1519 1769 BCNSPRNW ULIB Ver.6.0+V

เปลี่ยนเป็นภาษาไทย

Change to English
 แสดงรายละเอียดบรรณานุกรม
  กลับหน้าหลัก

Brief Record : Get Marc (ISO 2709) : E-mail record : QR code < ปิดหน้าต่าง
LEADER : 00000nam 2200000uu 4500
001    13399112195
003     ULIB
008    110729s2543||||th 000 0 tha d
020    9747703513
040    cl
050  4 HD37.75^bอ441ว 2543
100 0  อ้อม ประนอม,^d2481-
245 10 วิทยาการสำหรับวิทยากร :^bหลักการพูดในที่สาธารณะและการเป็นวิทยากรที่ดี /^cเรียบเรียงโดย อ้อม ประนอม
250    พิมพ์ครั้งที่ 2
260    กรุงเทพฯ :^bข้างฟ่าง,^c2543
300    166 หน้า :^bภาพประกอบ ;^c21 ซม.
650  4 การพูด
650  4 วาทศิลป์
650  4 วาทวิทยา
650  4 วิทยากร
945    ^p100^l0^i012614
945    ^p100^l0^i012615
945    ^p100^l0^i012616
995    ทศพร
999 ^a ทศพร
รายการนี้ยังไม่มีแท็ก
คุณยังไม่ได้ล็อกอิน คุณสามารถมีกิจกรรมร่วมกับเว็บไซต์ได้ แต่ต้องล็อกอินก่อน ::
  ล็อกอิน

รายการสื่อสารสนเทศ

ลำดับที่ ประเภท เลขเรียก/บาร์โค้ด สถานที่ สถานะ
- ไม่พบข้อมูล -

รายการใกล้เคียง
    หัวเรื่อง [การพูด]
    หัวเรื่อง [วาทศิลป์]
    หัวเรื่อง [วาทวิทยา]
    หัวเรื่อง [วิทยากร]

BibComment


ยังไม่เคยถูกคอมเมนท์

คอมเมนท์ทรัพยากรรายการนี้
  คอมเมนท์: วิทยาการสำหรับวิท..


 Copyright 2026. Bcnsprnw @Library